| 000 | 00810nam a2200253Ia 4500 | ||
|---|---|---|---|
| 003 | OSt | ||
| 005 | 20220923221459.0 | ||
| 006 | a|||||r|||| 00| 0 | ||
| 007 | ta | ||
| 008 | 220922b |||||||| |||| 00| 0 hin d | ||
| 024 | _a197,683 | ||
| 037 | _cTextual | ||
| 040 |
_aARTS _cARTS _bhin |
||
| 041 |
_2hin _ahin |
||
| 082 | _aO152,8N401x, M8 | ||
| 100 |
_aकालरा, सुशील _9156290 |
||
| 245 | 0 | _aपाकीज़ा तेरी पालकी | |
| 246 | _aPākīज़ā terī pālakī | ||
| 260 |
_aनई दिल्ली _b पुस्तकायन _c1988 |
||
| 300 |
_a128पृ. _ccm. |
||
| 650 |
_aहिन्दी साहित्य _9156264 |
||
| 942 |
_hO152,8N401x, M8 _cTEXL _2CC |
||
| 999 |
_c349554 _d349554 |
||